logo

Bir Sreshtho Munshi Abdur Rouf Library
Jhenaidah Cadet College

A Review of English literature / (Record no. 9074)

MARC details
000 -LEADER
fixed length control field 01140nas a2200325 a 4500
001 - CONTROL NUMBER
JCCL Control Number 9074
003 - CONTROL NUMBER IDENTIFIER
JCCL marc code BD-JhCC
005 - DATE AND TIME OF LATEST TRANSACTION
control field 20180925165355.0
008 - FIXED-LENGTH DATA ELEMENTS--GENERAL INFORMATION
fixed length control field 180308s19601967enkqr p 0 a0eng d
022 ## - INTERNATIONAL STANDARD SERIAL NUMBER
International Standard Serial Number 0486-6053
035 ## - SYSTEM CONTROL NUMBER
system control number (BD-JhCC)9074
035 ## - SYSTEM CONTROL NUMBER
system control number (OCoLC)ocm01763824
040 ## - CATALOGING SOURCE
Original cataloging agency BD-JhCC
Transcribing agency MUL
Modifying agency BD-JhCC
-- NYG
-- AIP
-- NSD
-- NST
-- IUL
-- OCL
-- OCLCQ
-- LVB
041 ## - LANGUAGE CODE
Language code of Book eng
050 00 - LIBRARY OF CONGRESS CALL NUMBER
Classification number PR1
Item number .R35
082 ## - DEWEY DECIMAL CLASSIFICATION NUMBER
Author mark and Year REV 1964
Classification number 820.5
245 02 - TITLE STATEMENT
Title A Review of English literature /
Statement of responsibility, etc A. Norman Jeffares,
260 ## - PUBLICATION, DISTRIBUTION, ETC. (IMPRINT)
Place of publication, distribution, etc London :
Name of publisher, distributor, etc Longmans, Green,
Date of publication, distribution, etc 1960-1967.
300 ## - PHYSICAL DESCRIPTION
Pagination 119 p. :
Other physical details ill., facsims., ports. ;
Dimensions 22 cm.
500 ## - GENERAL NOTE
General note Title from cover.
500 ## - GENERAL NOTE
General note Editor: A. Norman Jeffares.
650 #0 - SUBJECT ADDED ENTRY--TOPICAL TERM
Topical term or geographic name as entry element English literature
General subdivision History and criticism
Form subdivision Periodicals.
650 #0 - SUBJECT ADDED ENTRY--TOPICAL TERM
Topical term or geographic name as entry element English literature
Form subdivision Periodicals.
650 #6 - SUBJECT ADDED ENTRY--TOPICAL TERM
Topical term or geographic name as entry element Littérature anglaise
Form subdivision Périodiques.
650 #6 - SUBJECT ADDED ENTRY--TOPICAL TERM
Topical term or geographic name as entry element Littérature anglaise
General subdivision Histoire et critique
Form subdivision Périodiques.
700 1# - ADDED ENTRY--PERSONAL NAME
Personal name Jeffares, A. Norman
Fuller form of name (Alexander Norman),
Dates associated with a name 1920-2005.
785 02 - SUCCEEDING ENTRY
Title Ariel (University of Calgary)
International Standard Serial Number 0004-1327
Record control number (OCoLC)1514044
-- (UkOxU)013632093
942 ## - ADDED ENTRY ELEMENTS (KOHA)
Source of classification or shelving scheme Dewey Decimal Classification
Koha item type Books
Holdings
Source of classification or shelving scheme Damaged status Not for loan Home library Current library Shelving location Total Checkouts Full call number Barcode Date last seen Copy number Koha item type
Dewey Decimal Classification     JCC Rouf Library JCC Rouf Library General Stacks   820.5 REV 1964 12131 03/08/2018 C - 1 Books

JCC Library | Contacts | JCC Home

Last Update on 23 September 2017
Copyright @ 2017-2020 JCC Rouf Library
Rouf Library, Jhenidah Cadet College (JCC), Bangladesh